000 01385nam a2200373 i 4500
001 13879
003 KOSZ 005
005 20200805100524.0
008 071103s1971 pl a f f |000 0 pol
015 _aPB 1971/7346
035 _a(OCoLC)749304960
040 _aWA N
_cWA N
_dKOSZ 005/EG
041 1 _apol
_heng
046 _k1971
080 _a537
080 _a(075.8)
100 1 _aPurcell, Edward M.
_eAutor
245 1 0 _aElektryczność i magnetyzm /
_cEdward M. Purcell ; [z ang. tł. Leszek Łukaszuk, Magdalena Kądziałko-Hofmokl].
246 1 _iTyt. oryg.:
_aElectricity and magnetism.
260 _aWarszawa :
_bPaństwowe Wydawnictwo Naukowe,
_c1971.
300 _a478, [1] s. :
_bil., err. ;
_c23 cm.
380 _aKsiążki.
500 _aStanowi t. 2 cyklu ang. Berkeley Physics Course. T. 1 pod hasłem i tyt.: Kittel C., Knight W. D., Ruderman M. A. : Mechanika.
504 _aBibliogr.
658 _aFizyka i astronomia
655 4 _aPodręczniki akademickie
650 4 _aElektryczność
650 4 _aMagnetyzm
710 2 _aPaństwowe Wydawnictwo Naukowe
_4pbl.
700 1 _aKądziałko-Hofmokl, Magdalena
_eTłumaczenie
700 1 _aŁukaszuk, Leszek
_eTłumaczenie
856 _uhttp://koha.tu.koszalin.pl/cgi-bin/koha/opac-detail.pl?biblionumber=13879
_yKatalog online BPK
942 _2UKD
_cKS
999 _c13879
_d13879